00535nam a22001577a 4500999001900000005001700019010001300036020002500049037004100074082000600115245005000121260005800171270010700229300002100336942002000357 c168207d16820720190928135330.0 aB-161245 a81-209-1279-9c75.00 bPitambar Publishing Company PVT.LTD. aS aThe neclace of diamonds/cJai prakash bharti  aNew DelhibPitambar Publishing Company PVT.LTD.c2004 a888 East Park Road Karol Bagh New DelhibNew Delhie110005k23625528,23670067,23522997l91-11-23676058 a68p.bIll.c26cm 2ddccCHhSmBHA